[Event "Sundsvall op"]
[Site "Sundsvall"]
[Date "2023.01.07"]
[Round "6"]
[White "Olofsson, Henrik"]
[Black "Andersson, Soren"]
[Result "1/2-1/2"]
[WhiteElo "2006"]
[BlackElo "1916"]
[PlyCount "94"]
[EventDate "2023.01.06"]
[EventType "swiss"]
[EventRounds "8"]
[EventCountry "SWE"]
[SourceTitle "EXT 2024"]
[Source "ChessBase"]
[SourceDate "2023.10.10"]
[SourceVersion "1"]
[SourceVersionDate "2023.10.10"]
[SourceQuality "1"]

1. d4 d6 2. c4 e5 3. e3 Nc6 4. Nf3 e4 5. Nfd2 f5 6. Nc3 Nf6 7. b4 d5 8. b5 Na5 9. c5 b6 10. c6 Bd6 11. Be2 0-0 12. g3 Be6 13. Nb3 Nc4 14. Nd2 Na5 15. Qc2 Qe8 16. Nb3 Nc4 17. Nxd5 Nxd5 18. Bxc4 Nb4 19. Qe2 Nd3+ 20. Bxd3 exd3 21. Qxd3 Bd5 22. 0-0 Qh5 23. f4 Rf6 24. Rf2 Rg6 25. Kf1 Re8 26. Ke1 Qh3 27. Kd1 h5 28. Nd2 h4 29. Nf1 Kh8 30. Bd2 Bg2 31. Qe2 Bxf1 32. Qxf1 Qxf1+ 33. Rxf1 hxg3 34. hxg3 Rxg3 35. a4 a5 36. bxa6 Ra8 37. Kc2 Rxa6 38. Kd3 Rg2 39. a5 bxa5 40. Bxa5 Rxc6 41. Bc3 Kg8 42. Ra5 g6 43. Rh1 Bxf4 44. d5 Rxc3+ 45. Kxc3 Bxe3 46. Ra8+ Kg7 47. Rc8 Bf4 1/2-1/2